000 00428cam a22001097a 4500
008 180718b2010 xxu||||| |||| 00| 0 eng d
100 _aKaushal, Lalit Mohan
245 _aDrug pricing and regulatory framework for affordable meidcines
_cby Lalit Mohan Kaushal
260 _aNew Delhi
_bIndian Institute of Public Administration
_c2010
300 _a151p.
500 _aAn APPPA M.Phil dissertation, 2009-10 (Guide: Prof. P.K. Chaubey)
999 _c501959
_d501959